000 00749nam a2200253Ia 4500
003 OSt
005 20220928112053.0
006 a|||||r|||| 00| 0
007 ta
008 220927b |||||||| |||| 00| 0 eng d
020 _cINR 995.00
024 _a143490
037 _b278A, 17/03/2020, Classic Book Service
_cTextual
040 _aSDCL
_cSDCL
_beng
041 _2eng
_aeng
082 _aV2y7M69, R0
100 _aBanerjee Samir
_9426135
245 0 _aTracing Gandhi satyarthi to Satyagrahi
260 _aLondon
_bRoutlegde
_c2020
300 _aix,205p.
_ccm.
650 _aPolitical Science
942 _hV2y7M69, R0
_cTEXL
_2CC
999 _c743133
_d743133